Clash Royale Cards - Sudden Death - Statistics

General Stats
  • This quiz has been taken 16,646 times
  • The average score is 7 of 30
Answers on the Grid
Answers color-coded by a green-red scale on the quiz's grid according to % correct below.
Goblins
Archer Tower
PEKKA
Blizzard
Boss Bandit
Mighty Minion
Giant
Ram Rider
Cannoneer
Wizard Tower
Sparky
Elixir Giant
Vines
Dragon Rider
Tunneller
Meteor
Hog Rider
Barbarian King
Wall Destroyers
Arrows
Heal
Rune Giant
Royal Guards
Mega Miner
Baby Dragon
Clone
Huge Snowball
Goblin Giant
Wheeled Cannon
Minion Swarm
Lightning
Dagger Duchess
Zappies
Mystic Archer
Night Prince
Royal Giant
Tesla
Rolling Wood
Flame Spirit
Triple Musketeers
Rage
Axe Thrower
Barbarian Shack
Goblin Cage
Ghost
Firecracker
Elite Barbarians
Frost Wizard
Rascals
Flying Machine
Hunter
Necromancer
Sniper
Electric Giant
Mega Knight
Royal Army
Golem
Graveyard
Lava Dragon
Bats
Ice Giant
Toxic Waste
Goblin Barrel
Blow darter
Wizard
Roller
Battering Ram
 
Answer Stats
Answer % Correct
PEKKA
26%
Bats
24%
Giant
24%
Goblins
24%
Arrows
23%
Hog Rider
23%
Mega Knight
23%
Sparky
23%
Baby Dragon
22%
Clone
22%
Goblin Barrel
22%
Golem
22%
Graveyard
22%
Lightning
22%
Rage
22%
Tesla
22%
Vines
22%
Boss Bandit
21%
Elite Barbarians
21%
Firecracker
21%
Flying Machine
21%
Goblin Cage
21%
Goblin Giant
21%
Ram Rider
21%
Royal Giant
21%
Wizard
21%
Zappies
21%
Hunter
20%
Rascals
20%
Rune Giant
20%
No matching quizzes found
Score Distribution
Percent of People with Each Score
Percentile by Number Answered
Your Score History
You have not taken this quiz